000 00478nam a2200169Ia 4500
999 _c5556
_d5556
003 OSt
005 20200120115909.0
008 190216s9999||||xx |||||||||||||| ||und||
040 _coclc
082 _a658.8
_bNAI/M
100 _aNair, N Ranjan
_91301
245 0 _aMarketing /
_cN Ranjan Nair ; Sanjith R Nair
250 _a7th ed.
260 _bSulthan Chand&Sons,
_c1995.
_aNew Delhi:
300 _a461p
942 _cBK
_2ddc
_h658.8
_iNAI/M
_k658.8
_mNAI/M